|
|
|
|
| LEADER |
00000cam a2200000 a 4500 |
| 001 |
vtls001475620 |
| 003 |
SK-MaSNL |
| 005 |
20260302002851.0 |
| 008 |
240226s2003 xo a frn 001 0 slo |
| 015 |
|
|
|a SNBA2004/09-05438
|
| 020 |
|
|
|a 809030173
|q (brožované)
|
| 035 |
|
|
|a SNK000430921
|
| 035 |
|
|
|a urn:nbn:sk:snk-am3j2mc
|
| 035 |
|
|
|a 1D658610-EC06-4731-983E-CD655EFE2CD0
|
| 035 |
|
|
|a urn:nbn:sk:snk-am00gfun
|
| 040 |
|
|
|a SNK
|b slo
|c SNK
|e AACR2
|
| 041 |
1 |
|
|a slo
|h pol
|
| 044 |
|
|
|a xo
|c SK
|
| 072 |
|
7 |
|a 398
|x Folklór. Ľudové tradície
|2 konspekt
|
| 072 |
|
7 |
|a 821.162.4.09
|x Slovenská literatúra (o nej)
|2 konspekt
|
| 080 |
|
|
|a 343.343-051
|2 2011
|
| 080 |
|
|
|a 398
|2 2011
|
| 080 |
|
|
|a 821.162.4
|2 2011
|
| 080 |
|
|
|a 82:7.04
|2 2011
|
| 080 |
|
|
|a (048.8)
|2 2011
|
| 100 |
1 |
|
|a Goszczyńska, Joanna,
|d 1948-
|4 aut
|9 267176
|
| 240 |
1 |
0 |
|a Mit Janosika w folklorze i literaturze słowackiej XIX wieku
|l Slovensky
|
| 245 |
1 |
0 |
|a Mýtus o Jánošíkovi vo folklóre a slovenskej literatúre 19. storočia
|c Joanna Goszczyńska ; [z poľského originálu Mit Janosika w folklorze i literaturze słowackiej XIX wieku preložila Bogumiła Suwara]
|
| 250 |
|
|
|a 1. vyd.
|
| 260 |
|
|
|a [Bratislava]
|b Juga
|c 2003
|
| 300 |
|
|
|a 183 strán
|b ilustrácie
|c 21 cm
|
| 500 |
|
|
|a Ilustrovaná titulná strana
|
| 504 |
|
|
|a Obsahuje bibliografické odkazy ; menný register
|
| 600 |
1 |
7 |
|a Jánošík, Juraj,
|d 1688-1713
|2 SNKMA
|9 172043
|
| 648 |
|
7 |
|a 19.storočie
|2 SNKPH
|9 640816
|
| 650 |
0 |
7 |
|a zbojníci
|2 SNKPH
|9 51650
|
| 650 |
0 |
7 |
|a folklór
|2 SNKPH
|9 19213
|
| 650 |
0 |
7 |
|a slovenská literatúra
|2 SNKPH
|9 1115
|
| 650 |
0 |
7 |
|a literárne námety
|2 SNKPH
|9 2886
|
| 655 |
|
7 |
|a štúdie
|2 SNKPH
|9 57033
|
| 700 |
1 |
|
|a Suwara, Bogumiła,
|d 1957-
|4 trl
|9 112423
|
| 919 |
|
|
|a 80-9030-17-3
|
| 958 |
|
|
|a NB
|
| 958 |
|
|
|a OP
|
| 958 |
|
|
|a PL
|
| 958 |
|
|
|a TL
|
| 958 |
|
|
|a OND
|
| 999 |
|
|
|c 989713
|d 991643
|
| 952 |
|
|
|t P60, <03>, [BOOK], {603}
|a SNK
|b SNK
|y PREZ
|7 0
|p 17A0429790
|o snkSC 115969
|i snkKSP 7092/2004
|0 0
|1 0
|4 0
|d 2004-05-28
|f 1
|l 0
|r 2025-10-16 00:00:00
|w 2026-02-24
|
| 952 |
|
|
|t P60, <04>, [BOOK], {604}
|a SNK
|b SNK
|y VYP
|7 0
|p 17A0429791
|o snkSC 115969 D1
|i snkKSP 7093/2004
|0 0
|1 0
|4 0
|d 2004-05-28
|l 0
|r 2005-01-02 00:00:00
|w 2026-02-24
|